000 00658nam a2200265Ia 4500
003 0100
008 130303s9999 xx 000 0 und d
020 _a192132145
040 _cARRUPELIB
050 _aBX1970.K57131979
100 _aKlauser, Theodor
245 2 _aA short history of the western liturgy
245 _ban account and some reflections
250 _a2nd
260 _aOxford
260 _bOxford University Press
260 _C1979
300 _ax
300 _b 240p. 23cm.
650 _bKnowledge, Theory of (Religion)
650 _cGod -- Proof
650 _dAtheism
700 _aHalliburton, John (tr)
942 0 0 _02
999 _c15903
_d15903